[Event "San Jose de David"]
[Site "San Jose de David"]
[Date "2020.02.12"]
[Round "4"]
[White "Murillo, Florentino"]
[Black "Batista, Nicolas"]
[Result "1-0"]
[WhiteElo "1894"]
[BlackElo "1647"]
[PlyCount "53"]
[EventDate "2020.02.11"]
[EventType "tourn"]
[EventRounds "9"]
[EventCountry "PAN"]
[SourceTitle "CBM 195 Extra"]
[Source "ChessBase"]
[SourceDate "2020.05.31"]
[SourceVersion "1"]
[SourceVersionDate "2020.05.31"]
[SourceQuality "1"]

1. e4 b6 2. d4 Bb7 3. f3 e6 4. Nc3 Be7 5. Be3 Nf6 6. Qd2 d5 7. e5 Nfd7 8. f4 a6 9. Nf3 c5 10. Bd3 Nc6 11. 0-0 cxd4 12. Nxd4 Nxd4 13. Bxd4 Bc5 14. Ne2 Qc7 15. c3 Nf8 16. Rac1 Ng6 17. Qe3 Qe7 18. Ng3 0-0 19. f5 exf5 20. Nxf5 Qe6 21. b4 Bxd4 22. cxd4 f6 23. Rc7 Rf7 24. Rxf7 Qxf7 25. exf6 Re8 26. Qg5 Re6 27. fxg7 1-0